Symbolic Logic and the game of logic (both books bond as one) / (Record no. 133705)

MARC details
000 -LEADER
campo de control de longitud fija 00824nam a2200241 i 4500
001 - NÚMERO DE CONTROL
campo de control 133705
003 - IDENTIFICADOR DE NÚMERO DE CONTROL
campo de control ES-MaACL
005 - FECHA Y HORA DE LA ÚLTIMA TRANSACCIÓN
campo de control 20250903011201.0
007 - CAMPO FIJO DE DESCRIPCIÓN FÍSICA--INFORMACIÓN GENERAL
campo de control de longitud fija t|
008 - DATOS DE LONGITUD FIJA--INFORMACIÓN GENERAL
campo de control de longitud fija 070827s1958 xxu ||||1| eng d
080 ## - NÚMERO DE LA CLASIFICACIÓN DECIMAL UNIVERSAL
Número de la Clasificación Decimal Universal 51
100 0# - ENTRADA PRINCIPAL--NOMBRE DE PERSONA
Nombre de persona Carroll, Lewis.
9 (RLIN) 35844
245 10 - MENCIÓN DEL TÍTULO
Título Symbolic Logic and the game of logic (both books bond as one) /
Mención de responsabilidad, etc. by Lewis Carroll.
260 ## - PUBLICACIÓN, DISTRIBUCIÓN, ETC.
Lugar de publicación, distribución, etc. New York :
Nombre del editor, distribuidor, etc. Dover Publications :
-- Berkeley Enterprises,
Fecha de publicación, distribución, etc. 1958.
300 ## - DESCRIPCIÓN FÍSICA
Extensión 199, 96 p. ;
Dimensiones 21 cm.
490 1# - MENCIÓN DE SERIE
Mención de serie Mathematical recreations of Lewis Carroll ;
Designación de volumen o secuencia 1
500 ## - NOTA GENERAL
Nota general Biblioteca Jacinto Martínez Lacalle.
500 ## - NOTA GENERAL
Nota general Reprod. facs.
650 17 - PUNTO DE ACCESO ADICIONAL DE MATERIA--TÉRMINO DE MATERIA
Término de materia o nombre geográfico como elemento de entrada Matemáticas
Fuente del encabezamiento o término embne
9 (RLIN) 14814
830 0# - PUNTO DE ACCESO ADICIONAL DE SERIE-TÍTULO UNIFORME
Título uniforme Mathematical recreations of Lewis Carroll ;
Designación de volumen o secuencia 1
9 (RLIN) 219772
852 ## - LOCALIZACIÓN
Ubicación ES-MaACL
Número de control de estantería E-12033
Sublocalización o colección R.139940
Holdings
Estatus retirado Estado de pérdida Estado de daño No para préstamo Biblioteca de origen Biblioteca actual Ubicación en estantería Fecha de adquisición Fuente de adquisición Total de préstamos Signatura topográfica completa Código de barras Visto por última vez Precio de reemplazo Tipo de ítem Koha
        Biblioteca del Ateneo de Madrid Biblioteca del Ateneo de Madrid Depósito 2 17/01/2008     E-12033 1139186 23/02/2023 23/02/2023 Libro impreso